000 00985na a2200301 4500
001 23440
003 MIRAKIL
005 20181213154920.0
008 170928b tu 000 0
020 _a9786054994090
040 _aMilas
_btur
_cTR-AnCHP
041 _atur
082 _a320.95691
_bM23d 2014
090 _a320.95691 M23d 2014
100 _aMahalli, Hüsnü
245 _aDiren Suriye
_bSiyasal İslam projesi çöktü... Biz kazandık!
_cHüsnü Mahalli
246 _aSiyasal İslam projesi çöktü... Biz kazandık!
260 _aİstanbul
_bDestek Yayınları
_c2014
_fPasifik ofset
300 _a351 s.
_btbl.
_c21 sm.
440 _aDestek yayınları
_v412
490 _aAraştırma
_v123
650 _aTürkiye
_xDış ilişkiler
_yOrtadoğu Ülkeleri
650 _aSuriye Savaşı
650 _aOrtadoğu
_xSiyaset ve yönetim
650 _aSuriye
_xSiyaset ve yönetim
740 _aSiyasal İslam projesi çöktü... Biz kazandık!
942 _2ddc
_cBKS
999 _c3100
_d3100